FIFA World Cup 2026 - Canada Squad - Statistics

General Stats
  • This quiz has been taken 2 times
  • The average score is 11 of 27
Answer Stats
Team # Position Club/Country Player % Correct
Canada 19 LB Bayern Munich Alphonso Davies
100%
Canada 9 ST Southampton FC Cyle Larin
100%
Canada Manager United States Jesse Marsch
100%
Canada 10 ST Juventus FC Jonathan David
100%
Canada 15 CB OGC Nice Moïse Bombito
100%
Canada 24 ST Union Saint-Gilloise Promise David
100%
Canada 7 CM Los Angeles FC Stephen Eustaquio
100%
Canada 17 RW Villareal CF Tajon Buchanan
100%
Canada 2 RB Celtic FC Alistair Johnston
50%
Canada 1 GK Inter Miami CF Dayne St. Clair
50%
Canada 13 CB Olympique Marseille Derek Cornelius
50%
Canada 26 LW Tigres UANL Marcelo Flores
50%
Canada 23 DM HNK Hajduk Split Niko Sigur
50%
Canada 12 ST Villareal CF Tani Oluwaseyi
50%
Canada 3 CB Middlesbrough FC Alfie Jones
0%
Canada 20 LM Norwich City Ali Ahmed
0%
Canada 8 CM US Sassuolo Ismaël Koné
0%
Canada 14 LW Los Angeles FC Jacob Shaffelburg
0%
Canada 5 CB Chicago Fire FC Joel Waterman
0%
Canada 21 CM Toronto FC Jonathan Osorio
0%
Canada 11 LW Hull City Liam Millar
0%
Canada 4 CB FCV Dender EH Luc De Fougerolles
0%
Canada 6 CM Los Angeles FC Mathieu Choinière
0%
Canada 16 GK Orlando City SC Maxime Crépeau
0%
Canada 25 CM RSC Anderlecht Nathan-Dylan Saliba
0%
Canada 18 GK Barnsley FC Owen Goodman
0%
Canada 22 RB Toronto FC Richie Laryea
0%
No matching quizzes found
Score Distribution
Percent of People with Each Score
Percentile by Number Answered
Your Score History
You have not taken this quiz